[Event "CXU Obro Nytaar 2012"]
[Site "Copenhagen"]
[Date "2012.12.27"]
[Round "1"]
[White "Hector, Jonny"]
[Black "Kirkegaard, Niels"]
[Result "1-0"]
[WhiteElo "2539"]
[BlackElo "1977"]
[PlyCount "83"]
[EventDate "2012.??.??"]
[EventType "swiss"]
[EventRounds "7"]

1. e4 e5 2. Nf3 Nc6 3. Bc4 Bc5 4. b4 Bxb4 5. c3 Ba5 6. d4 exd4 7. Qb3 Qf6 8.
O-O Bb6 9. e5 Qg6 10. Ba3 Na5 11. Qb4 c5 12. Qa4 Nxc4 13. Qxc4 Qe6 14. Nbd2 d5
15. exd6 Qxc4 16. Nxc4 Be6 17. Rfe1 O-O-O 18. Nxb6+ axb6 19. cxd4 Rxd6 20. dxc5
bxc5 21. Bxc5 Rc6 22. Bf8 h5 23. Nd4 Rc7 24. Bxg7 Rh7 25. Be5 Rc4 26. Nb5 Rc5
27. Nd6+ Kc7 28. Nxf7+ Kd7 29. Bd4 Rd5 30. Ne5+ Kc8 31. Nf3 Kd7 32. Rab1 b5 33.
a4 Bg4 34. Ne5+ Kd6 35. Bb2 b4 36. Nc4+ Kc6 37. Rec1 Be6 38. f4 Ne7 39. Be5 Rc5
40. Rxb4 Nc8 41. Na5+ Kd5 42. Rd1# 1-0

[Event "CXU Obro Nytaar 2012"]
[Site "Copenhagen"]
[Date "2012.12.27"]
[Round "1"]
[White "Holst, Lasse"]
[Black "Nilssen, John Arni"]
[Result "1/2-1/2"]
[WhiteElo "2004"]
[BlackElo "2363"]
[PlyCount "95"]
[EventDate "2012.??.??"]
[EventType "swiss"]
[EventRounds "7"]

1. Nf3 c5 2. c4 b6 3. g3 Bb7 4. Bg2 Nf6 5. O-O e6 6. b3 Be7 7. Bb2 a6 8. d3 O-O
9. Nbd2 d6 10. e3 Nbd7 11. Qc2 Rc8 12. Rac1 Rc7 13. Rfe1 Qa8 14. e4 h6 15. Qb1
Rd8 16. h3 Bf8 17. Kh2 Rcc8 18. Rcd1 b5 19. a3 Be7 20. cxb5 axb5 21. Ng1 e5 22.
Ne2 Qb8 23. f4 d5 24. fxe5 Nxe5 25. d4 cxd4 26. Nxd4 Neg4+ 27. hxg4 Nxg4+ 28.
Kh3 Nf2+ 29. Kh2 Ng4+ 30. Kh3 Nf2+ 31. Kh2 Nxd1 32. Qxd1 Bf6 33. Qg4 dxe4 34.
Nxe4 Bxe4 35. Rxe4 Rc5 36. Qe2 Rg5 37. Rg4 Rh5+ 38. Bh3 Rhd5 39. Nf3 Bg5 40.
Rd4 Re8 41. Re4 Rxe4 42. Qxe4 Qd8 43. Bd4 Be7 44. Bb6 Qd6 45. Bc7 Qc5 46. Bb6
Qd6 47. Bc7 Qc5 48. Bb6 1/2-1/2

[Event "CXU Obro Nytaar 2012"]
[Site "Copenhagen"]
[Date "2012.12.27"]
[Round "1"]
[White "Hansen, Mads"]
[Black "Olsen, Michael Richard W"]
[Result "1-0"]
[WhiteElo "2328"]
[BlackElo "1918"]
[PlyCount "57"]
[EventDate "2012.??.??"]
[EventType "swiss"]
[EventRounds "7"]

1. c4 c5 2. g3 Nc6 3. Bg2 g6 4. Nf3 Bg7 5. Nc3 Nf6 6. O-O O-O 7. d4 Nxd4 8.
Nxd4 cxd4 9. Qxd4 Ne8 10. Qe3 Nd6 11. b3 f5 12. Bb2 Nf7 13. Rad1 Bh6 14. Qd3
Rb8 15. Nd5 b6 16. e4 d6 17. f4 e5 18. Rf2 Bg7 19. exf5 gxf5 20. Bh3 e4 21. Qe2
Bxb2 22. Qxb2 Nh8 23. Rfd2 Rb7 24. Ne3 Rf6 25. Rd5 Qf8 26. Qd4 Be6 27. Rxd6 Qh6
28. Bxf5 Nf7 29. Ng4 1-0

[Event "CXU Obro Nytaar 2012"]
[Site "Copenhagen"]
[Date "2012.12.27"]
[Round "1"]
[White "Taylor, Graham Christopher"]
[Black "Ochsner, Bjorn Moller"]
[Result "0-1"]
[WhiteElo "1914"]
[BlackElo "2307"]
[PlyCount "57"]
[EventDate "2012.??.??"]
[EventType "swiss"]
[EventRounds "7"]

1. c4 c5 2. Nc3 Nc6 3. Nf3 g6 4. e3 Nf6 5. d4 cxd4 6. exd4 d5 7. Bg5 Ne4 8.
cxd5 Nxc3 9. bxc3 Qxd5 10. c4 Qe4+ 11. Be2 Bg7 12. O-O Nxd4 13. Nxd4 Qxd4 14.
Qxd4 Bxd4 15. Rad1 Bb6 16. c5 Ba5 17. Bb5+ Kf8 18. Bh6+ Kg8 19. Bd7 f6 20. Bxc8
Rxc8 21. Rd7 Kf7 22. Be3 Rc7 23. Rxc7 Bxc7 24. Rb1 Rb8 25. Kf1 Ke6 26. Ke2 Kd5
27. Rb4 a6 28. Kd3 Kc6 29. Kd4 0-1

[Event "CXU Obro Nytaar 2012"]
[Site "Copenhagen"]
[Date "2012.12.27"]
[Round "1"]
[White "Petersen, Nils"]
[Black "Brinck Claussen, Bjorn"]
[Result "0-1"]
[WhiteElo "1799"]
[BlackElo "2233"]
[PlyCount "112"]
[EventDate "2012.??.??"]
[EventType "swiss"]
[EventRounds "7"]

1. c4 e5 2. g3 Nf6 3. Bg2 d5 4. cxd5 Nxd5 5. Nc3 Nb6 6. Nf3 Nc6 7. O-O Be7 8.
a3 O-O 9. b4 Be6 10. Rb1 f6 11. d3 Nd4 12. Nxd4 exd4 13. Ne4 Bd5 14. Qc2 a5 15.
Nc5 Bxg2 16. Kxg2 Qd5+ 17. Kg1 axb4 18. axb4 Ra2 19. Bb2 Rfa8 20. Qb3 Bxc5 21.
Qxd5+ Nxd5 22. bxc5 R8a4 23. Ra1 Nc3 24. Bxc3 dxc3 25. Rxa2 Rxa2 26. Rc1 Ra3
27. Kg2 b5 28. cxb6 cxb6 29. Kf3 b5 30. Ke3 b4 31. Kd4 Ra2 32. Kc4 Rb2 33. d4
c2 34. e4 b3 35. Kc3 Rb1 36. Kd2 Kf7 37. f4 Kg6 38. d5 Ra1 39. Rxa1 b2 40. Rc1
b1=Q 41. Rxc2 Qb4+ 42. Kd3 h5 43. Rd2 h4 44. Ke3 Qc3+ 45. Rd3 Qe1+ 46. Kf3 Qf1+
47. Ke3 Qg1+ 48. Kf3 Qxh2 49. gxh4 Qh3+ 50. Ke2 Qg2+ 51. Ke3 Qg3+ 52. Ke2 Qxf4
53. d6 Qxe4+ 54. Kd2 Qb4+ 55. Ke3 Qe1+ 56. Kf3 f5 0-1

[Event "CXU Obro Nytaar 2012"]
[Site "Copenhagen"]
[Date "2012.12.27"]
[Round "1"]
[White "Rosenkilde, Alexander"]
[Black "Zachariassen, Bjarne"]
[Result "1/2-1/2"]
[WhiteElo "2246"]
[BlackElo "1956"]
[PlyCount "103"]
[EventDate "2012.??.??"]
[EventType "swiss"]
[EventRounds "7"]

1. d4 Nf6 2. c4 e5 3. dxe5 Ng4 4. Bf4 Nc6 5. Nf3 Bb4+ 6. Nbd2 Qe7 7. a3 Ngxe5
8. Nxe5 Nxe5 9. e3 Bxd2+ 10. Qxd2 d6 11. Be2 a5 12. b3 O-O 13. O-O b6 14. Rfd1
Bb7 15. Rac1 Rfe8 16. b4 axb4 17. axb4 Nd7 18. Bf1 Nf6 19. h3 Ne4 20. Qb2 Bc6
21. Ra1 Qf6 22. Qxf6 Nxf6 23. Rdc1 Rxa1 24. Rxa1 Ra8 25. Rxa8+ Bxa8 26. f3 Kf8
27. Kf2 Ke7 28. e4 Nd7 29. Ke3 Bb7 30. Bg3 Bc8 31. Be1 Nf8 32. Bc3 f6 33. f4 g6
34. h4 Be6 35. Be2 f5 36. h5 fxe4 37. hxg6 hxg6 38. Kxe4 Nd7 39. Be1 c6 40.
Bh4+ Kf7 41. Kd4 c5+ 42. Kc3 d5 43. b5 Nf6 44. g3 Ne4+ 45. Kd3 Nf6 46. cxd5
Bxd5 47. g4 Be6 48. Bxf6 Kxf6 49. Ke4 g5 50. fxg5+ Kxg5 51. Ke5 Bd7 52. Ke4
1/2-1/2

[Event "CXU Obro Nytaar 2012"]
[Site "Copenhagen"]
[Date "2012.12.27"]
[Round "1"]
[White "Kokholm, Daniel"]
[Black "Christensen, Bo Garner"]
[Result "0-1"]
[WhiteElo "1901"]
[BlackElo "2240"]
[PlyCount "76"]
[EventDate "2012.??.??"]
[EventType "swiss"]
[EventRounds "7"]

1. d4 Nf6 2. Nc3 c5 3. d5 g6 4. e4 d6 5. Nf3 Bg7 6. Be2 O-O 7. h3 Na6 8. O-O
Nc7 9. a4 b6 10. Nd2 a6 11. f4 Rb8 12. Qe1 b5 13. Bf3 bxa4 14. Nc4 Nb5 15. Nxa4
Nd4 16. Bd1 Bd7 17. e5 Nxd5 18. c3 Bb5 19. b3 Ne6 20. f5 gxf5 21. Rxf5 Ndc7 22.
Bc2 Bxc4 23. bxc4 dxe5 24. Qh4 Nd4 25. cxd4 Qxd4+ 26. Qxd4 cxd4 27. Nc5 Rfd8
28. Ra3 e6 29. Rh5 f5 30. Rg3 Kh8 31. Bg5 e4 32. Bxd8 Rxd8 33. Bxe4 fxe4 34.
Nxe4 d3 35. Rhg5 Ne8 36. c5 d2 37. Nxd2 Rxd2 38. Rc3 Bxc3 0-1

[Event "CXU Obro Nytaar 2012"]
[Site "Copenhagen"]
[Date "2012.12.27"]
[Round "1"]
[White "Thuesen, Mogens Henrik"]
[Black "Moller, Arne Vagn"]
[Result "1-0"]
[WhiteElo "2215"]
[BlackElo "1782"]
[PlyCount "63"]
[EventDate "2012.??.??"]
[EventType "swiss"]
[EventRounds "7"]

1. d4 Nf6 2. Bg5 e6 3. e4 Be7 4. Nd2 d6 5. f4 h6 6. Bxf6 Bxf6 7. Ngf3 Nd7 8. e5
Be7 9. Bd3 d5 10. O-O Nb6 11. c3 Bd7 12. Kh1 c5 13. dxc5 Bxc5 14. Nb3 Be7 15.
Nfd4 Nc4 16. Qe2 Qc7 17. f5 O-O-O 18. fxe6 Bxe6 19. Nxe6 fxe6 20. Nd4 Nxe5 21.
Nxe6 Qd6 22. Nxd8 Bxd8 23. Rad1 Bc7 24. Be4 Nd3 25. Bf5+ Kb8 26. g3 Ne5 27. Be4
Re8 28. Rxd5 Qe6 29. Bg2 a6 30. Re1 Qf7 31. Qe4 Ka7 32. Rb5 1-0

[Event "CXU Obro Nytaar 2012"]
[Site "Copenhagen"]
[Date "2012.12.27"]
[Round "1"]
[White "Stojanovski, Sandi"]
[Black "Andersen, Daniel"]
[Result "1-0"]
[WhiteElo "2217"]
[BlackElo "1823"]
[PlyCount "87"]
[EventDate "2012.??.??"]
[EventType "swiss"]
[EventRounds "7"]

1. d4 e6 2. c4 f5 3. Nf3 Nf6 4. g3 d5 5. Bg2 c6 6. O-O Bd6 7. Bf4 Bxf4 8. gxf4
O-O 9. e3 Ne4 10. Ne5 Nd7 11. f3 Nd6 12. Nxd7 Bxd7 13. c5 Ne8 14. Nc3 g5 15.
fxg5 Qxg5 16. f4 Qh4 17. Qe1 Qh6 18. Ne2 b6 19. Rf3 Bc8 20. Rc1 bxc5 21. dxc5
Nf6 22. Rh3 Qg7 23. Rg3 Ng4 24. h3 h5 25. hxg4 fxg4 26. e4 Ba6 27. exd5 exd5
28. Re3 Rae8 29. Qd2 h4 30. Nd4 h3 31. Bf1 Bc8 32. Rce1 Rxe3 33. Qxe3 g3 34.
Ne6 h2+ 35. Kh1 Bxe6 36. Qxe6+ Kh8 37. Qxc6 Qxb2 38. Qh6+ Kg8 39. Qg6+ Qg7 40.
Qe6+ Qf7 41. Bh3 Kg7 42. Qxf7+ Rxf7 43. c6 Rc7 44. Bd7 1-0

[Event "CXU Obro Nytaar 2012"]
[Site "Copenhagen"]
[Date "2012.12.27"]
[Round "1"]
[White "Pedersen, Lars Wisler"]
[Black "Koskela, Niina"]
[Result "0-1"]
[WhiteElo "1812"]
[BlackElo "2211"]
[PlyCount "50"]
[EventDate "2012.??.??"]
[EventType "swiss"]
[EventRounds "7"]

1. e4 e5 2. Nf3 Nc6 3. d4 exd4 4. Nxd4 Nf6 5. Nc3 Bb4 6. Bg5 h6 7. Bxf6 Qxf6 8.
Ndb5 O-O 9. Bd3 a6 10. a3 Ba5 11. b4 Bb6 12. O-O axb5 13. Nxb5 Nd4 14. Nc3 Nf3+
15. Qxf3 Qxc3 16. e5 Qxe5 17. Rae1 Qf6 18. Qe4 g6 19. g4 d5 20. Qg2 Rxa3 21.
Kh1 Qf4 22. Qxd5 Bxg4 23. f3 c6 24. Re4 Qxf3+ 25. Rxf3 Bxf3# 0-1

[Event "CXU Obro Nytaar 2012"]
[Site "Copenhagen"]
[Date "2012.12.27"]
[Round "1"]
[White "Olsen, Peter Erik"]
[Black "Ohayv, Nikolaj"]
[Result "1-0"]
[WhiteElo "2121"]
[BlackElo "1765"]
[PlyCount "93"]
[EventDate "2012.??.??"]
[EventType "swiss"]
[EventRounds "7"]

1. d4 d5 2. c4 e6 3. Nc3 c5 4. e3 cxd4 5. exd4 Nf6 6. Nf3 Be7 7. Bd3 dxc4 8.
Bxc4 O-O 9. O-O a6 10. a4 Qc7 11. Qe2 h6 12. Bd2 Nc6 13. Rad1 Rd8 14. Bc1 b6
15. Rfe1 Bb7 16. Bxe6 fxe6 17. Qxe6+ Kh7 18. d5 Nb4 19. Qxe7 Qxe7 20. Rxe7 Bxd5
21. Nxd5 Nbxd5 22. Ree1 Rac8 23. Nd4 Re8 24. Kf1 Rxe1+ 25. Kxe1 Re8+ 26. Kf1
Rc8 27. h3 Re8 28. g3 Rc8 29. Ke2 Rc4 30. a5 bxa5 31. Kd3 Rc8 32. Bd2 Nb4+ 33.
Bxb4 axb4 34. Ra1 Nd7 35. Nb3 Rc6 36. Ra5 Rf6 37. f4 Rd6+ 38. Kc4 Rb6 39. Nd4
Nf6 40. Ra4 Ne4 41. Rxb4 Rg6 42. g4 Rf6 43. f5 Nf2 44. Rb3 Ne4 45. Kd5 Ng5 46.
Ne6 Nf7 47. Rb6 1-0

[Event "CXU Obro Nytaar 2012"]
[Site "Copenhagen"]
[Date "2012.12.27"]
[Round "1"]
[White "Nielsen, Morten Majlund"]
[Black "Kirknel, Thomas"]
[Result "1-0"]
[WhiteElo "1854"]
[BlackElo "2125"]
[PlyCount "59"]
[EventDate "2012.??.??"]
[EventType "swiss"]
[EventRounds "7"]

1. d4 Nf6 2. c4 e6 3. Nc3 Bb4 4. e3 b6 5. Nge2 Bb7 6. a3 Bd6 7. b4 O-O 8. Bb2
Ng4 9. Nf4 f5 10. Qd2 a5 11. b5 Qe7 12. f3 Qh4+ 13. g3 Qg5 14. Bg2 Nh6 15. Nd3
Qd8 16. O-O Be7 17. c5 c6 18. a4 d5 19. Nf4 Rf6 20. e4 dxe4 21. fxe4 bxc5 22.
e5 Qxd4+ 23. Qxd4 cxd4 24. exf6 Bxf6 25. Na2 e5 26. Ne6 Bc8 27. Nc5 Ra7 28.
Rfe1 Ng4 29. Bxd4 cxb5 30. axb5 1-0

[Event "CXU Obro Nytaar 2012"]
[Site "Copenhagen"]
[Date "2012.12.27"]
[Round "1"]
[White "Haubro, Martin"]
[Black "Mouritsen, Jan"]
[Result "1-0"]
[WhiteElo "2161"]
[BlackElo "1792"]
[PlyCount "83"]
[EventDate "2012.??.??"]
[EventType "swiss"]
[EventRounds "7"]

1. e4 c5 2. c3 Nf6 3. e5 Nd5 4. d4 cxd4 5. Nf3 e6 6. cxd4 d6 7. Bc4 Nc6 8. O-O
Be7 9. Qe2 Nb6 10. Bb3 Nb4 11. Rd1 N4d5 12. Nbd2 Bd7 13. Ne4 Bc6 14. exd6 Bxd6
15. Ne5 Qc7 16. Nxd6+ Qxd6 17. Qg4 g6 18. Bh6 Rg8 19. Rac1 Nd7 20. Nxc6 bxc6
21. Bg5 Rb8 22. Rd2 Rb6 23. Qf3 f6 24. Be3 Kf7 25. Qh3 Nxe3 26. fxe3 h5 27. e4
Rb4 28. d5 cxd5 29. exd5 Qb6+ 30. Kh1 Ne5 31. Qxe6+ Kg7 32. d6 Rd8 33. Qe7+ Kh6
34. Qxf6 Ng4 35. Qf3 Rxd6 36. Qf8+ Kg5 37. h4+ Kxh4 38. Qxd6 Qxd6 39. Rxd6 Nf2+
40. Kg1 Ne4 41. Rxg6 Ng3 42. Kh2 1-0

[Event "CXU Obro Nytaar 2012"]
[Site "Copenhagen"]
[Date "2012.12.27"]
[Round "1"]
[White "Henningson, Hjalte Skov"]
[Black "Porte, Henrik"]
[Result "1/2-1/2"]
[WhiteElo "1657"]
[BlackElo "2156"]
[PlyCount "124"]
[EventDate "2012.??.??"]
[EventType "swiss"]
[EventRounds "7"]

1. Nf3 d5 2. g3 Nf6 3. Bg2 e6 4. O-O Bd6 5. d4 Nbd7 6. c4 c6 7. Nbd2 O-O 8. b3
e5 9. dxe5 Nxe5 10. cxd5 cxd5 11. Bb2 Re8 12. Re1 Bf5 13. Nd4 Bd7 14. h3 Rc8
15. f4 Nc6 16. Kh2 Bc5 17. e3 Ne4 18. N2f3 Bb4 19. Re2 Bc3 20. Nxc6 bxc6 21.
Rc1 Bxb2 22. Rxb2 Qf6 23. Qe2 Qg6 24. Qe1 f6 25. Rbc2 Nd6 26. Nd4 Qd3 27. Rc3
Qa6 28. R1c2 Ne4 29. Bxe4 Rxe4 30. Qc1 c5 31. Rxc5 Rxc5 32. Rxc5 Qxa2+ 33. Qc2
Qxc2+ 34. Nxc2 Re7 35. Rxd5 Be6 36. Rb5 Rc7 37. Nd4 Bd7 38. Ra5 Kf7 39. Kg2 Ke7
40. Kf3 Bxh3 41. Nb5 Rb7 42. Rxa7 Rxa7 43. Nxa7 Bd7 44. b4 Kd6 45. b5 Kc5 46.
Nc6 Kxb5 47. Nd4+ Kc4 48. Ke4 Bc8 49. f5 g5 50. fxg6 hxg6 51. Kf4 Kd3 52. Kf3
Bb7+ 53. Kf2 Bd5 54. Nf3 Ke4 55. Nh4 g5 56. Ng6 Bb7 57. Ne7 f5 58. Ng8 Ke5 59.
Ne7 Kf6 60. Ng8+ Kf7 61. Nh6+ Ke6 62. g4 fxg4 1/2-1/2

[Event "CXU Obro Nytaar 2012"]
[Site "Copenhagen"]
[Date "2012.12.27"]
[Round "2"]
[White "Nielsen, Klaus"]
[Black "Hector, Jonny"]
[Result "0-1"]
[WhiteElo "2095"]
[BlackElo "2539"]
[PlyCount "46"]
[EventDate "2012.??.??"]
[EventType "swiss"]
[EventRounds "7"]

1. d4 d5 2. Nf3 Nf6 3. e3 c6 4. c4 Bf5 5. Nc3 e6 6. Be2 Nbd7 7. O-O Bd6 8. a3
Ne4 9. cxd5 exd5 10. Bd2 O-O 11. b4 Qf6 12. b5 Rae8 13. bxc6 bxc6 14. Na4 Nb6
15. Nb2 Qh6 16. g3 Re6 17. Ne1 Qh3 18. f4 Rh6 19. Nf3 Nxg3 20. Rf2 Rg6 21. Rg2
Nxe2+ 22. Qxe2 Be4 23. Rxg6 Bxf3 0-1

[Event "CXU Obro Nytaar 2012"]
[Site "Copenhagen"]
[Date "2012.12.27"]
[Round "2"]
[White "Skjoldager, Per"]
[Black "Hansen, Mads"]
[Result "1/2-1/2"]
[WhiteElo "2111"]
[BlackElo "2328"]
[PlyCount "82"]
[EventDate "2012.??.??"]
[EventType "swiss"]
[EventRounds "7"]

1. e4 c5 2. c3 g6 3. Nf3 Bg7 4. d4 cxd4 5. cxd4 d5 6. e5 Bg4 7. Bb5+ Nc6 8. Be3
Nh6 9. h3 Bxf3 10. Qxf3 O-O 11. Nc3 e6 12. O-O Nf5 13. Bxc6 bxc6 14. Na4 f6 15.
Nc5 Qe7 16. exf6 Bxf6 17. Qd1 e5 18. Re1 Rae8 19. dxe5 Bxe5 20. Nd3 Qf6 21. Bc5
Bd6 22. Qd2 Re4 23. Rac1 Nd4 24. b4 Rfe8 25. Rxe4 dxe4 26. Re1 Re7 27. Nc1 Bxc5
28. bxc5 Qe5 29. Qb4 Kg7 30. Qc4 Rd7 31. Nb3 Rd5 32. Nxd4 Rxd4 33. Qc3 Kf6 34.
g3 Rd3 35. Qc4 Rd4 36. Qg8 Qxc5 37. Qh8+ Kf5 38. Qxh7 Qd5 39. Qh6 Kf6 40. Qf8+
Ke6 41. f3 Ke5 1/2-1/2

[Event "CXU Obro Nytaar 2012"]
[Site "Copenhagen"]
[Date "2012.12.27"]
[Round "2"]
[White "Ochsner, Bjorn Moller"]
[Black "Grau, Peter Christian"]
[Result "1-0"]
[WhiteElo "2307"]
[BlackElo "2031"]
[PlyCount "61"]
[EventDate "2012.??.??"]
[EventType "swiss"]
[EventRounds "7"]

1. e4 e5 2. Nf3 Nc6 3. Bb5 a6 4. Ba4 b5 5. Bb3 Bb7 6. O-O Bc5 7. c3 d6 8. d4
Bb6 9. a4 Nf6 10. Re1 Qd7 11. Qd3 Nd8 12. h3 Ne6 13. Ng5 exd4 14. cxd4 O-O 15.
Nxe6 fxe6 16. axb5 axb5 17. Rxa8 Bxa8 18. Nd2 Ba5 19. Re2 Kh8 20. Bc2 Qc6 21.
Nf3 Qc4 22. Ng5 e5 23. d5 Qa2 24. Kh2 Bb6 25. Ne6 Rf7 26. Qxb5 Qa1 27. Bg5 Qa5
28. Qxa5 Bxa5 29. Re3 Bb6 30. Ra3 Bb7 31. Nd8 1-0

[Event "CXU Obro Nytaar 2012"]
[Site "Copenhagen"]
[Date "2012.12.27"]
[Round "2"]
[White "Brinck Claussen, Bjorn"]
[Black "Pedersen, Thomas Vils"]
[Result "1-0"]
[WhiteElo "2233"]
[BlackElo "2021"]
[PlyCount "59"]
[EventDate "2012.??.??"]
[EventType "swiss"]
[EventRounds "7"]

1. e4 d5 2. exd5 Qxd5 3. Nc3 Qa5 4. d4 Nf6 5. Nf3 c6 6. Bd2 Bf5 7. Bc4 e6 8.
Nd5 Qd8 9. Nxf6+ gxf6 10. Bf4 Bd6 11. Bg3 Qe7 12. c3 Nd7 13. Nh4 Bg6 14. Qf3 f5
15. O-O Nf6 16. Bxd6 Qxd6 17. g3 Ne4 18. Qe2 O-O-O 19. Ng2 Rhg8 20. Kh1 f4 21.
Nxf4 Ng5 22. Nxg6 Rxg6 23. f4 Nh3 24. Qh5 c5 25. Qxh3 cxd4 26. Bd3 Rgg8 27. c4
Kb8 28. Rae1 h5 29. Qxh5 Rh8 30. Qe5 1-0

[Event "CXU Obro Nytaar 2012"]
[Site "Copenhagen"]
[Date "2012.12.27"]
[Round "2"]
[White "Christensen, Bo Garner"]
[Black "Percivaldi, Martin"]
[Result "1-0"]
[WhiteElo "2240"]
[BlackElo "2060"]
[PlyCount "101"]
[EventDate "2012.??.??"]
[EventType "swiss"]
[EventRounds "7"]

1. e4 e6 2. Nf3 d5 3. e5 c5 4. b4 d4 5. bxc5 Bxc5 6. Bd3 Nc6 7. a4 Nge7 8. Ba3
Qb6 9. O-O Bd7 10. Qe2 Rd8 11. Bxc5 Qxc5 12. Na3 Nb4 13. Nc4 Nc8 14. Ng5 Nxd3
15. cxd3 Bc6 16. f4 h6 17. Ne4 Bxe4 18. Qxe4 Qd5 19. Rfb1 Qxe4 20. dxe4 b6 21.
d3 Ke7 22. a5 Rd7 23. f5 bxa5 24. Rxa5 Rhd8 25. g4 Rc7 26. Rb8 Nb6 27. f6+ gxf6
28. exf6+ Kd7 29. Ne5+ Ke8 30. Rxd8+ Kxd8 31. h4 Ke8 32. g5 hxg5 33. hxg5 Kf8
34. Kf2 Nd7 35. Rb5 Kg8 36. Nf3 Rc2+ 37. Kg3 Rc3 38. Rb7 Nc5 39. Rb8+ Kh7 40.
Rf8 Nxd3 41. Rxf7+ Kg8 42. Rg7+ Kf8 43. Nxd4 Nc5+ 44. Kg2 Rd3 45. g6 Rd2+ 46.
Kf3 Rd3+ 47. Ke2 Rxd4 48. Rc7 Rd2+ 49. Kxd2 Nxe4+ 50. Ke3 Nxf6 51. Rf7+ 1-0

[Event "CXU Obro Nytaar 2012"]
[Site "Copenhagen"]
[Date "2012.12.27"]
[Round "2"]
[White "Wilbrandt, Simon Pil"]
[Black "Thuesen, Mogens Henrik"]
[Result "0-1"]
[WhiteElo "2035"]
[BlackElo "2215"]
[PlyCount "80"]
[EventDate "2012.??.??"]
[EventType "swiss"]
[EventRounds "7"]

1. d4 Nf6 2. c4 c5 3. d5 e5 4. Nc3 d6 5. e4 Be7 6. Nf3 O-O 7. g3 Na6 8. Bg2 Nc7
9. O-O a6 10. a4 b6 11. Qd3 Bd7 12. Bd2 Nfe8 13. h4 Rb8 14. Rfb1 g6 15. a5 bxa5
16. Bh6 Ng7 17. Rxa5 Bc8 18. Ra4 f5 19. b4 cxb4 20. Raxb4 Rxb4 21. Rxb4 a5 22.
Rb2 Na6 23. Be3 Nh5 24. Kh2 f4 25. Bb6 Qd7 26. c5 Nb4 27. Qd1 fxg3+ 28. fxg3
Qg4 29. cxd6 Qxg3+ 30. Kg1 Bxd6 31. Nb5 Bg4 32. Rb3 Nf4 33. Qf1 Nbd3 34. Kh1
Nxg2 35. Rxd3 Bxf3 36. Rxf3 Rxf3 37. Qxg2 Qxh4+ 38. Kg1 Rg3 39. Nxd6 Rxg2+ 40.
Kxg2 Qg5+ 0-1

[Event "CXU Obro Nytaar 2012"]
[Site "Copenhagen"]
[Date "2012.12.27"]
[Round "2"]
[White "Rostgaard, Tobias Valentin"]
[Black "Andersen, Rune Egede"]
[Result "1/2-1/2"]
[WhiteElo "2223"]
[BlackElo "2005"]
[PlyCount "52"]
[EventDate "2012.??.??"]
[EventType "swiss"]
[EventRounds "7"]

1. d4 d5 2. c4 dxc4 3. Nf3 Nf6 4. e3 e6 5. Bxc4 c5 6. O-O a6 7. Bb3 Nc6 8. Qe2
Qc7 9. Nc3 Bd6 10. dxc5 Bxc5 11. Bd2 O-O 12. Rac1 Qe7 13. e4 e5 14. Bg5 Be6 15.
Nd5 Bxd5 16. exd5 Nd4 17. Nxd4 Bxd4 18. Bxf6 Qxf6 19. Rc7 Rab8 20. Rfc1 Bb6 21.
R7c3 Rbd8 22. Rf3 Qg5 23. Re1 Bd4 24. Qe4 Rd6 25. Rf5 Qd2 26. Qe2 Qxb2 1/2-1/2

[Event "CXU Obro Nytaar 2012"]
[Site "Copenhagen"]
[Date "2012.12.27"]
[Round "2"]
[White "Christensen, Christian Sylvester"]
[Black "Stojanovski, Sandi"]
[Result "0-1"]
[WhiteElo "2009"]
[BlackElo "2217"]
[PlyCount "56"]
[EventDate "2012.??.??"]
[EventType "swiss"]
[EventRounds "7"]

1. Nf3 Nf6 2. c4 c5 3. Nc3 e6 4. d4 cxd4 5. Nxd4 Bb4 6. Ndb5 Ne4 7. Qc2 d5 8.
a3 Nxc3 9. Nxc3 Bxc3+ 10. Qxc3 O-O 11. e3 Nc6 12. Be2 d4 13. exd4 Nxd4 14. Bd1
e5 15. O-O Be6 16. f4 Rc8 17. b3 b5 18. fxe5 bxc4 19. bxc4 Bxc4 20. Rf4 Ne6 21.
Rxc4 Qxd1+ 22. Kf2 Rxc4 23. Qxc4 Qh5 24. Kg1 Qxe5 25. Ra2 Rd8 26. Rd2 Qe3+ 27.
Kf1 Rxd2 28. Qc8+ Nf8 0-1

[Event "CXU Obro Nytaar 2012"]
[Site "Copenhagen"]
[Date "2012.12.27"]
[Round "2"]
[White "Koskela, Niina"]
[Black "Ulrich, Thomas"]
[Result "1-0"]
[WhiteElo "2211"]
[BlackElo "2041"]
[PlyCount "67"]
[EventDate "2012.??.??"]
[EventType "swiss"]
[EventRounds "7"]

1. e4 e6 2. d3 d5 3. Nd2 c5 4. Ngf3 Nf6 5. g3 Nc6 6. Bg2 Be7 7. O-O O-O 8. Re1
b5 9. h4 c4 10. e5 Nd7 11. d4 b4 12. Nf1 a5 13. N1h2 c3 14. b3 a4 15. Rb1 axb3
16. axb3 Ra2 17. Ng5 Qb6 18. Be3 Bxg5 19. hxg5 Bb7 20. Rc1 Rfa8 21. Qh5 Ne7 22.
Bh3 Rb2 23. Ng4 Qd8 24. Bf1 Ba6 25. Kg2 Bxf1+ 26. Rxf1 Nf5 27. Rh1 Nf8 28. Nf6+
gxf6 29. gxf6 Raa2 30. g4 Ng7 31. Qg5 Ng6 32. Qh6 Kf8 33. fxg7+ Kg8 34. Qxh7#
1-0

[Event "CXU Obro Nytaar 2012"]
[Site "Copenhagen"]
[Date "2012.12.27"]
[Round "2"]
[White "Stolberg Rohr, Thomine"]
[Black "Olsen, Peter Erik"]
[Result "0-1"]
[WhiteElo "2029"]
[BlackElo "2121"]
[PlyCount "42"]
[EventDate "2012.??.??"]
[EventType "swiss"]
[EventRounds "7"]

1. e4 c5 2. Nc3 e6 3. f4 Nc6 4. Nf3 Nge7 5. e5 Nf5 6. Ne4 Be7 7. c3 O-O 8. Bb5
Qb6 9. Qe2 d6 10. g4 Nh4 11. Bxc6 Qxc6 12. exd6 Nxf3+ 13. Qxf3 Bh4+ 14. Ke2 f5
15. Ng3 Qxd6 16. d3 Bd7 17. Be3 Bc6 18. Qf2 c4 19. dxc4 Bxh1 20. Bc5 Qc6 21.
Bxf8 Rxf8 0-1

[Event "CXU Obro Nytaar 2012"]
[Site "Copenhagen"]
[Date "2012.12.27"]
[Round "2"]
[White "Petersen, Martin Reib"]
[Black "Haubro, Martin"]
[Result "0-1"]
[WhiteElo "1949"]
[BlackElo "2161"]
[PlyCount "60"]
[EventDate "2012.??.??"]
[EventType "swiss"]
[EventRounds "7"]

1. e4 c5 2. d4 cxd4 3. c3 Nf6 4. e5 Nd5 5. Nf3 Nc6 6. Bc4 Nb6 7. Bb3 d5 8. exd6
Qxd6 9. O-O Be6 10. Re1 Bxb3 11. axb3 e6 12. cxd4 Be7 13. Nc3 O-O 14. Qd3 Rfd8
15. Nb5 Qd7 16. Ng5 Bxg5 17. Bxg5 f6 18. Be3 e5 19. d5 Nb4 20. Qe2 N6xd5 21.
Red1 a6 22. Nc3 Qf7 23. Bc5 Rac8 24. Ne4 Qe6 25. Ra4 Nf4 26. Qf3 Rd3 27. Rxd3
Nbxd3 28. g3 Qh3 29. Be3 Ne1 30. Qh1 Ne2# 0-1

[Event "CXU Obro Nytaar 2012"]
[Site "Copenhagen"]
[Date "2012.12.27"]
[Round "2"]
[White "Hansen, Rasmus Agertoft"]
[Black "Nohr, Finn"]
[Result "1/2-1/2"]
[WhiteElo "1982"]
[BlackElo "2087"]
[PlyCount "48"]
[EventDate "2012.??.??"]
[EventType "swiss"]
[EventRounds "7"]

1. e4 e5 2. Nf3 Nc6 3. Bb5 a6 4. Ba4 Nf6 5. O-O Be7 6. Re1 b5 7. Bb3 d6 8. c3
O-O 9. h3 Nd7 10. d3 Bf6 11. Qe2 Ne7 12. Nbd2 Nc5 13. Bc2 Ne6 14. Nf1 Ng6 15.
Ne3 Nef4 16. Qf1 Bd7 17. Nf5 Ne7 18. Nxe7+ Qxe7 19. Bxf4 exf4 20. d4 g6 21. Qd3
Bg7 22. Rad1 Rfe8 23. Qd2 Bh6 24. h4 Qf8 1/2-1/2

[Event "CXU Obro Nytaar 2012"]
[Site "Copenhagen"]
[Date "2012.12.27"]
[Round "2"]
[White "Nielsen, Morten Majlund"]
[Black "Vesterli, Michael E"]
[Result "0-1"]
[WhiteElo "1854"]
[BlackElo "1966"]
[PlyCount "60"]
[EventDate "2012.??.??"]
[EventType "swiss"]
[EventRounds "7"]

1. d4 Nf6 2. c4 g6 3. Nc3 Bg7 4. e4 d6 5. Nf3 O-O 6. Be2 e5 7. O-O Nc6 8. d5
Ne7 9. Ne1 Nd7 10. Be3 f5 11. f3 f4 12. Bf2 g5 13. Nd3 Nf6 14. c5 Ng6 15. Rc1
Rf7 16. Nb5 a6 17. Na3 Bf8 18. Nc4 h5 19. cxd6 Bxd6 20. Qb3 Ne8 21. Na5 g4 22.
Nxb7 Qg5 23. Nxd6 Nxd6 24. Be1 Rg7 25. Nc5 g3 26. h3 Bxh3 27. gxh3 g2 28. Rf2
Nh4 29. Ne6 Qg3 30. Rxc7 Qh2+ 0-1